000 00600cam a2200193 4500500
005 20260329005643.0
041 _afre
042 _adc
100 1 0 _aPastorini, Chiara
_eauthor
245 0 0 _a“Pourquoi il faut aller à l’école ?”
260 _c2024.
500 _a61
690 _aChiara Pastorini
690 _aÉcole
690 _aEnfant
690 _aPhilosopher avec les enfants
786 0 _nPhilosophie magazine | 180 | 6 | 2024-06-01 | p. 71-73 | 1951-1787
856 4 1 _uhttps://shs.cairn.info/magazine-philosophie-magazine-2024-6-page-71?lang=fr&redirect-ssocas=7080
999 _c1845283
_d1845283